000 00470cam a2200193ua 4500
001 6983
008 141118n ii |||gr||||Z||||||eng
020 _a812372389X
040 _cMAIN
041 _aeng
082 _a320
100 _aBaechler, Jean,
_eAuthor.
245 1 _aDemocracy :
_bAnalytical survey /
_cBy Jean Baechler .
250 _a1st.
260 _aNew Delhi:
_bNational book trust,
_c2000.
300 _axii,205p.
653 _aDemocracy
942 _cBK
999 _c6124
_d6124